Potreba kalkulácie sadzieb na strojovú hodinu v slovenských podnikoch

Popis jednej z najpoužívanejších kalkulačných metód uvedenej v publikáciách zaoberajúcich sa problematikou nákladového controllingu. Charakteristika metódy, popis veličín potrebných k k výpočtu sadzby režijných nákladov. Praktický príklad alokácie nákladov prostredníctvom kalkulácie sadzieb na stroj...

Descrizione completa

Salvato in:
Dettagli Bibliografici
Autore principale: Foltínová, Alžbeta
Altri autori: Budinský, Michal
Natura: Capitolo di libro
Lingua:tedesco
Soggetti:
Tags: Aggiungi Tag
Nessun Tag, puoi essere il primo ad aggiungerne!!

MARC

LEADER 00000naa$a2200000$$$4500
001 0091292
005 20240502072022.9
041 0 |a ger 
044 |a SK 
245 1 0 |a Potreba kalkulácie sadzieb na strojovú hodinu v slovenských podnikoch  |c Alžbeta Foltínová, Michal Budinský 
520 |a Popis jednej z najpoužívanejších kalkulačných metód uvedenej v publikáciách zaoberajúcich sa problematikou nákladového controllingu. Charakteristika metódy, popis veličín potrebných k k výpočtu sadzby režijných nákladov. Praktický príklad alokácie nákladov prostredníctvom kalkulácie sadzieb na strojovú hodinu. 
610 2 0 |a metódy kalkulačné 
610 2 0 |a náklady režijné 
610 2 0 |a práca 
610 2 0 |a stroje 
100 1 |a Foltínová, Alžbeta 
700 1 |a Budinský, Michal